000 00235nam a2200097Ia 4500
005 20251222114407.0
008 251222s1900||||xx |||||||||||||| ||spa||
082 _aDVD0070/F32/1963/Ej.2
245 0 _aOtto e mezzo:Ocho y medio
942 _cDVD
999 _c1893
_d1893